000 00515nam a2200193Ia 4500
003 OSt
005 20240918155206.0
008 210210b1983 xxu||||| |||| 00| 0 eng d
040 _cAL
041 _aKannada
082 _aK894.3 SHAB
100 _aSHANTINATHA DESAYI.
_dಶಾಂತಿನಾಥ ದೇಸಾಯಿ
_9179382
245 _aBija.
_b ಬೀಜ
260 _aBengaluru
_bPrintars Prakashana
_c1983
300 _avi,259
690 _aKannada Fiction
_9179383
906 _aSG02897
942 _2ddc
_cBK
999 _c113779
_d113779